000 00491nam a2200181Ia 4500
005 20250923144426.0
008 008 250917s9999 xx 000 0 eng d
037 _aTextual
040 _aDSWL
_beng
_cDSWL
041 _aeng
_2eng
084 _aL:3, N44
_qDSWL
100 _aFoster, Shore
_9824772
245 0 _aPsychology for beginners
_cby Foster
260 _aLondon
_c1944
700 _a Shore
_9824773
942 _cTEXL
_hL:3, N44
999 _c1438704
_d1438704